Дополнительный том 2. Вып. 2; Таблицы констант скорости и равновесия гетеролитических органических реакций

Dettagli Bibliografici
Parent link:Таблицы констант скорости и равновесия гетеролитических органических реакций/ Тартуский государственный университет. Дополнительный том 2. Вып. 2.— , 1984-
Riassunto:Текст парал.: рус., англ.
Lingua:russo
inglese
Pubblicazione: 1987
Soggetti:
Natura: MixedMaterials Libro
KOHA link:https://koha.lib.tpu.ru/cgi-bin/koha/opac-detail.pl?biblionumber=88874

MARC

LEADER 00000nam2a2200000 4500
001 88874
005 20231101213628.0
020 |a RU  |b 88-77271 
035 |a (RuTPU)RU\TPU\book\95360 
035 |a RU\TPU\book\95358 
090 |a 88874 
100 |a 20060110g1987 k y0rusy5003 ca 
101 0 |a rus  |a eng 
102 |a EE 
105 |a y o 000zy 
200 0 |a Дополнительный том 2. Вып. 2 
210 |d 1987 
215 |a 466 с.  |d 29 см. 
300 |a Текст парал.: рус., англ. 
461 1 |0 (RuTPU)RU\TPU\book\98973  |t Таблицы констант скорости и равновесия гетеролитических органических реакций  |f Тартуский государственный университет  |v Дополнительный том 2. Вып. 2  |d 1984- 
606 1 |a Органические реакции  |x Химическая кинетика  |2 stltpush  |3 (RuTPU)RU\TPU\subj\75621  |9 87310 
610 1 |a органическая химия 
610 1 |a химические гетерогенные реакции 
610 1 |a константы 
610 1 |a таблицы 
675 |a 547:544.42  |z rus  |v 3 
801 0 |a RU  |b RuMRKP  |c 19950417  |g psbo 
801 1 |a RU  |b 63413507  |c 20060110  |g PSBO 
801 2 |a RU  |b 63413507  |c 20161003  |g PSBO 
942 |c BK